Cities of Pocahontas County, Iowa - Statistics

General Stats
  • This quiz has been taken 36 times
  • The average score is 5 of 9
Answer Stats
Cities % Correct
2 Laurens
100%
1 Pocahontas
100%
6 Palmer
67%
3 Fonda
33%
5 Gilmore City
33%
7 Havelock
33%
9 Plover
33%
4 Rolfe
33%
8 Varina
33%
No matching quizzes found
Score Distribution
Percent of People with Each Score
Percentile by Number Answered
Your Score History
You have not taken this quiz